000 00979cam a2200217 4500
001 ABS61754
008 000000n2000 000 0 eng u
035 _a(Sirsi) u103830
100 _aWhite, N.
245 _aAccess all areas
260 _c2000
490 _aBuilding
_v265(8119) 14 January 2000, 52(1)
520 _aWarns that the construction industry should take action now to prepare for provisions of the Disability Discrimination Act 1995 which come into force in 2004. This second part of the Act requires that where a physical feature makes it difficult for disabled people to use the service, reasonable steps must be taken to remove the feature.
590 _aABS
650 _aDISABILITY DISCRIMINATION ACT 1995
650 _aDISABLED PEOPLE
650 _aBUILT ENVIRONMENT-CONSTRUCTION DESIGN
650 _aMANAGEMENT-BUSINESS MANAGEMENT-DISCRIMINATION-DISABILITY DISCRIMINATION-ACCESSIBILITY
690 _aBUILDING AND CONSTRUCTION-LAW
942 _n0
999 _c62349
_d62349